[Event "WCO2014"]
[Site "Tromso"]
[Date "2014.08.03"]
[Round "2.19"]
[WhiteID "5204585"]
[White "Fronda Jan Jodilyn"]
[BlackID "14124530"]
[Black "Myronenko Natalya"]
[Result "1-0"]
[LiveChessVersion "1.4.3"]
[BlackElo "1942"]
[WhiteElo "2098"]

1. e4 {[%clk 1:30:40]} e5 {[%clk 1:30:46]} 2. Nf3 {[%clk 1:31:03]} Nc6
{[%clk 1:31:03]} 3. Bb5 {[%clk 1:31:03]} a6 {[%clk 1:30:47]} 4. Ba4
{[%clk 1:31:27]} d6 {[%clk 1:30:02]} 5. c3 {[%clk 1:31:35]} g6 {[%clk 1:29:42]}
6. d4 {[%clk 1:30:47]} b5 {[%clk 1:29:29]} 7. Bb3 {[%clk 1:31:11]} Bg7
{[%clk 1:29:11]} 8. dxe5 {[%clk 1:27:01]} Nxe5 {[%clk 1:23:34]} 9. Nxe5
{[%clk 1:22:35]} Bxe5 {[%clk 1:23:13]} 10. Be3 {[%clk 1:21:45]} Ne7
{[%clk 1:17:59]} 11. O-O {[%clk 1:20:01]} O-O {[%clk 1:18:20]} 12. Nd2
{[%clk 1:14:34]} c5 {[%clk 1:16:47]} 13. f4 {[%clk 1:13:20]} Bf6 {[%clk 1:15:06]}
14. Nf3 {[%clk 1:12:26]} c4 {[%clk 1:14:48]} 15. Bc2 {[%clk 1:12:51]} Bb7
{[%clk 1:14:02]} 16. Qd2 {[%clk 1:12:28]} d5 {[%clk 1:08:31]} 17. e5
{[%clk 1:11:58]} Bh8 {[%clk 1:07:49]} 18. f5 {[%clk 1:11:32]} Nc6
{[%clk 1:06:19]} 19. f6 {[%clk 1:08:57]} Re8 {[%clk 1:05:55]} 20. Bd4
{[%clk 1:08:57]} Qc7 {[%clk 1:03:55]} 21. Rae1 {[%clk 1:08:50]} Rad8
{[%clk 1:00:07]} 22. Qh6 {[%clk 1:08:43]} Nxd4 {[%clk 0:57:44]} 23. cxd4
{[%clk 1:08:44]} Qb6 {[%clk 0:52:26]} 24. Ng5 {[%clk 1:08:50]} Qxd4+
{[%clk 0:52:01]} 25. Kh1 {[%clk 1:09:12]} 1-0

[Event "WCO2014"]
[Site "Tromso"]
[Date "2014.08.03"]
[Round "2.20"]
[WhiteID "24109622"]
[White "Gerasimova Olga"]
[BlackID "5202744"]
[Black "Perena Catherine"]
[Result "1/2-1/2"]
[LiveChessVersion "1.4.3"]
[BlackElo "2165"]
[WhiteElo "2045"]

1. e4 {[%clk 1:30:57]} e5 {[%clk 1:30:34]} 2. Nf3 {[%clk 1:31:24]} Nf6
{[%clk 1:30:55]} 3. d4 {[%clk 1:31:50]} Nxe4 {[%clk 1:31:00]} 4. Bd3
{[%clk 1:32:13]} d5 {[%clk 1:30:32]} 5. Nxe5 {[%clk 1:32:29]} Bd6
{[%clk 1:29:57]} 6. O-O {[%clk 1:32:37]} O-O {[%clk 1:28:43]} 7. c4
{[%clk 1:30:31]} Be6 {[%clk 1:21:10]} 8. Qc2 {[%clk 1:09:06]} f5 {[%clk 1:03:11]}
9. f3 {[%clk 1:02:54]} Bxe5 {[%clk 1:01:25]} 10. dxe5 {[%clk 1:03:16]} Nc5
{[%clk 1:01:42]} 11. Be2 {[%clk 0:44:51]} Nc6 {[%clk 0:56:32]} 12. Rd1
{[%clk 0:29:18]} d4 {[%clk 0:53:12]} 13. Qd2 {[%clk 0:24:34]} f4 {[%clk 0:39:50]}
14. b4 {[%clk 0:24:05]} Nd7 {[%clk 0:40:14]} 15. b5 {[%clk 0:22:37]} Ncxe5
{[%clk 0:40:20]} 16. Qxd4 {[%clk 0:22:33]} Qh4 {[%clk 0:39:46]} 17. Nd2
{[%clk 0:19:00]} Rf5 {[%clk 0:36:15]} 18. Qf2 {[%clk 0:14:57]} Qh5
{[%clk 0:33:48]} 19. Ba3 {[%clk 0:13:02]} Nb6 {[%clk 0:30:50]} 20. Rac1
{[%clk 0:11:51]} Qf7 {[%clk 0:25:54]} 21. Qf1 {[%clk 0:09:04]} Nbd7
{[%clk 0:19:34]} 22. Bb4 {[%clk 0:09:08]} Rh5 {[%clk 0:18:32]} 23. Ne4
{[%clk 0:08:33]} Ng6 {[%clk 0:17:54]} 24. Qf2 {[%clk 0:08:08]} a5
{[%clk 0:16:04]} 25. Ba3 {[%clk 0:06:05]} Nh4 {[%clk 0:13:43]} 26. Nc5
{[%clk 0:05:16]} Nxc5 {[%clk 0:09:35]} 27. Bxc5 {[%clk 0:05:42]} Qg6
{[%clk 0:09:23]} 28. Ba3 {[%clk 0:05:50]} Bh3 {[%clk 0:08:21]} 29. g4
{[%clk 0:03:44]} fxg3 {[%clk 0:03:54]} 30. hxg3 {[%clk 0:04:12]} Nf5
{[%clk 0:02:57]} 31. g4 {[%clk 0:03:21]} Rg5 {[%clk 0:02:23]} 32. Bf1
{[%clk 0:02:15]} Bxf1 {[%clk 0:01:41]} 33. Kxf1 {[%clk 0:02:39]} Nh6
{[%clk 0:01:45]} 34. Rd7 {[%clk 0:02:52]} Rc8 {[%clk 0:01:15]} 35. Bb2
{[%clk 0:03:15]} Qe6 {[%clk 0:01:35]} 36. Qd2 {[%clk 0:03:15]} Nf7
{[%clk 0:00:44]} 37. Rxf7 {[%clk 0:03:14]} Qxf7 {[%clk 0:01:09]} 38. Qxg5
{[%clk 0:03:34]} Qxf3+ {[%clk 0:01:34]} 39. Kg1 {[%clk 0:03:49]} Qg3+
{[%clk 0:02:00]} 40. Kh1 {[%clk 0:04:09]} Qh3+ {[%clk 0:02:18]} 41. Kg1
{[%clk 0:04:31]} Qg3+ {[%clk 0:02:33]} 42. Kh1 {[%clk 0:04:56]} Qh3+
{[%clk 0:02:56]} 43. Kg1 {[%clk 0:05:19]} Qg3+ {[%clk 0:03:22]} 44. Kh1
{[%clk 0:04:27]} Qh3+ {[%clk 0:03:50]} 1/2-1/2

[Event "WCO2014"]
[Site "Tromso"]
[Date "2014.08.03"]
[Round "2.40"]
[WhiteID "2219026"]
[White "Vega Gutierrez Sabrina"]
[BlackID "13903284"]
[Black "Baciu Diana"]
[Result "1-0"]
[LiveChessVersion "1.4.3"]
[BlackElo "2294"]
[WhiteElo "2395"]

1. e4 {[%clk 1:30:56]} e6 {[%clk 1:30:51]} 2. d4 {[%clk 1:31:07]} d5
{[%clk 1:31:11]} 3. Nd2 {[%clk 1:31:30]} Nf6 {[%clk 1:31:15]} 4. e5
{[%clk 1:31:51]} Nfd7 {[%clk 1:31:39]} 5. Bd3 {[%clk 1:31:47]} c5
{[%clk 1:32:03]} 6. c3 {[%clk 1:32:11]} Nc6 {[%clk 1:32:28]} 7. Ngf3
{[%clk 1:32:09]} g6 {[%clk 1:31:53]} 8. h4 {[%clk 1:24:12]} Qb6 {[%clk 1:30:51]}
9. O-O {[%clk 1:20:34]} cxd4 {[%clk 1:11:20]} 10. cxd4 {[%clk 1:20:54]} Nxd4
{[%clk 1:11:16]} 11. Nxd4 {[%clk 1:21:14]} Qxd4 {[%clk 1:11:41]} 12. Nf3
{[%clk 1:21:38]} Qb6 {[%clk 0:51:32]} 13. Qa4 {[%clk 1:21:46]} Qb4
{[%clk 0:50:57]} 14. Qc2 {[%clk 1:21:24]} Bg7 {[%clk 0:39:04]} 15. Bd2
{[%clk 1:20:41]} Qg4 {[%clk 0:37:51]} 16. Qc7 {[%clk 1:09:34]} O-O
{[%clk 0:31:42]} 17. Bb5 {[%clk 1:07:29]} Nb8 {[%clk 0:31:27]} 18. Rfc1
{[%clk 0:59:32]} a6 {[%clk 0:29:37]} 19. Qxc8 {[%clk 0:54:05]} axb5
{[%clk 0:23:39]} 20. Qxb7 {[%clk 0:53:51]} Na6 {[%clk 0:22:24]} 21. Qxb5
{[%clk 0:53:08]} Rfb8 {[%clk 0:21:55]} 22. Qd7 {[%clk 0:51:39]} Rd8
{[%clk 0:18:46]} 23. Qe7 {[%clk 0:48:53]} h6 {[%clk 0:15:40]} 24. Qa3
{[%clk 0:28:45]} Bf8 {[%clk 0:12:46]} 25. Qe3 {[%clk 0:29:12]} d4
{[%clk 0:12:20]} 26. Qe1 {[%clk 0:29:40]} Nc5 {[%clk 0:10:46]} 27. Rc4
{[%clk 0:28:52]} Nd3 {[%clk 0:07:13]} 28. Qb1 {[%clk 0:29:14]} Qf5
{[%clk 0:05:50]} 29. b4 {[%clk 0:22:30]} Bg7 {[%clk 0:04:54]} 30. a4
{[%clk 0:22:36]} Nxe5 {[%clk 0:02:51]} 31. Qxf5 {[%clk 0:23:02]} gxf5
{[%clk 0:03:12]} 32. Nxe5 {[%clk 0:23:27]} Bxe5 {[%clk 0:03:38]} 33. b5
{[%clk 0:22:44]} Rdb8 {[%clk 0:02:07]} 34. Rb1 {[%clk 0:22:43]} Kf8
{[%clk 0:01:30]} 35. Bxh6+ {[%clk 0:15:03]} Ke8 {[%clk 0:01:58]} 36. Bd2
{[%clk 0:15:09]} Kd7 {[%clk 0:02:09]} 37. a5 {[%clk 0:14:07]} Rc8
{[%clk 0:02:01]} 38. Rxc8 {[%clk 0:13:12]} Kxc8 {[%clk 0:02:30]} 39. a6
{[%clk 0:07:51]} f4 {[%clk 0:02:42]} 40. h5 {[%clk 0:06:26]} Kb8 {[%clk 0:01:52]}
41. Bb4 {[%clk 0:05:37]} Ra7 {[%clk 0:01:01]} 42. h6 {[%clk 0:04:56]} Rd7
{[%clk 0:22:21]} 43. b6 {[%clk 0:23:27]} d3 {[%clk 0:18:22]} 44. h7
{[%clk 0:22:11]} Rd8 {[%clk 0:13:41]} 45. b7 {[%clk 0:21:25]} Ka7
{[%clk 0:12:12]} 46. Bc5+ {[%clk 0:08:35]} Kxa6 {[%clk 0:12:24]} 47. Bd4
{[%clk 0:08:57]} 1-0

[Event "WCO2014"]
[Site "Tromso"]
[Date "2014.08.03"]
[Round "2.39"]
[WhiteID "13901001"]
[White "Partac Elena"]
[BlackID "14102463"]
[Black "Alexandrova Olga"]
[Result "0-1"]
[LiveChessVersion "1.4.3"]
[BlackElo "2424"]
[WhiteElo "2127"]

1. e4 {[%clk 1:30:56]} c5 {[%clk 1:30:55]} 2. d3 {[%clk 1:31:03]} Nc6
{[%clk 1:30:42]} 3. f4 {[%clk 1:24:30]} g6 {[%clk 1:28:23]} 4. Nf3
{[%clk 1:24:50]} Bg7 {[%clk 1:28:34]} 5. g3 {[%clk 1:23:59]} d6 {[%clk 1:19:03]}
6. Bg2 {[%clk 1:24:00]} e5 {[%clk 1:08:35]} 7. c3 {[%clk 1:14:28]} Nge7
{[%clk 1:07:35]} 8. O-O {[%clk 1:14:30]} O-O {[%clk 1:07:07]} 9. Be3
{[%clk 1:09:53]} exf4 {[%clk 1:01:57]} 10. gxf4 {[%clk 1:06:02]} Bg4
{[%clk 0:59:06]} 11. Qe1 {[%clk 0:46:25]} f5 {[%clk 0:54:19]} 12. Qh4
{[%clk 0:36:04]} Qd7 {[%clk 0:48:10]} 13. Nbd2 {[%clk 0:33:34]} Rae8
{[%clk 0:43:45]} 14. Rae1 {[%clk 0:31:52]} b6 {[%clk 0:34:03]} 15. Bh3
{[%clk 0:10:54]} Bxh3 {[%clk 0:32:08]} 16. Qxh3 {[%clk 0:10:45]} b5
{[%clk 0:21:01]} 17. d4 {[%clk 0:09:16]} cxd4 {[%clk 0:20:40]} 18. Nxd4
{[%clk 0:06:58]} b4 {[%clk 0:11:37]} 19. N2f3 {[%clk 0:06:49]} bxc3
{[%clk 0:11:52]} 20. bxc3 {[%clk 0:06:53]} Nxd4 {[%clk 0:10:40]} 21. Bxd4
{[%clk 0:05:16]} Nc6 {[%clk 0:08:47]} 22. Bxg7 {[%clk 0:03:16]} Kxg7
{[%clk 0:07:08]} 23. e5 {[%clk 0:00:42]} dxe5 {[%clk 0:06:44]} 24. Nxe5
{[%clk 0:01:03]} Nxe5 {[%clk 0:05:43]} 25. Rxe5 {[%clk 0:01:17]} Rxe5
{[%clk 0:03:51]} 26. fxe5 {[%clk 0:01:46]} Re8 {[%clk 0:02:57]} 27. Qe3
{[%clk 0:01:52]} Re6 {[%clk 0:01:46]} 28. Rb1 {[%clk 0:00:46]} Qc7
{[%clk 0:01:46]} 29. Rb5 {[%clk 0:00:47]} Rc6 {[%clk 0:01:10]} 30. Rb3
{[%clk 0:00:38]} Rc4 {[%clk 0:01:08]} 31. h3 {[%clk 0:00:33]} Re4
{[%clk 0:01:09]} 32. Qf2 {[%clk 0:00:34]} Rxe5 {[%clk 0:01:08]} 33. Qd4
{[%clk 0:00:42]} Kf7 {[%clk 0:00:46]} 34. Kf2 {[%clk 0:00:37]} Re6
{[%clk 0:00:39]} 35. Qd5 {[%clk 0:00:31]} Qh2+ {[%clk 0:00:51]} 36. Kf1
{[%clk 0:00:31]} Qxh3+ {[%clk 0:01:10]} 37. Kf2 {[%clk 0:00:36]} Qe3+
{[%clk 0:01:21]} 38. Kf1 {[%clk 0:00:38]} Qe1+ {[%clk 0:01:35]} 39. Kg2
{[%clk 0:01:05]} Qe4+ {[%clk 0:01:49]} 40. Qxe4 {[%clk 0:01:31]} Rxe4
{[%clk 0:02:11]} 41. Rb7+ {[%clk 0:01:57]} Re7 {[%clk 0:02:38]} 0-1

[Event "WCO2014"]
[Site "Tromso"]
[Date "2014.08.03"]
[Round "2.38"]
[WhiteID "13601377"]
[White "Matnadze Ana"]
[BlackID "13904108"]
[Black "Hincu Olga"]
[Result "0-1"]
[LiveChessVersion "1.4.3"]
[BlackElo "2027"]
[WhiteElo "2385"]

1. c4 {[%clk 1:30:55]} e6 {[%clk 1:30:56]} 2. Nf3 {[%clk 1:31:11]} d5
{[%clk 1:31:21]} 3. d4 {[%clk 1:31:33]} Nf6 {[%clk 1:31:46]} 4. g3
{[%clk 1:31:57]} Be7 {[%clk 1:31:50]} 5. Bg2 {[%clk 1:32:20]} dxc4
{[%clk 1:32:09]} 6. Ne5 {[%clk 1:31:37]} O-O {[%clk 1:31:14]} 7. O-O
{[%clk 1:31:46]} Nc6 {[%clk 1:31:41]} 8. Bxc6 {[%clk 1:31:01]} bxc6
{[%clk 1:32:06]} 9. Nxc6 {[%clk 1:31:25]} Qe8 {[%clk 1:32:34]} 10. Nxe7+
{[%clk 1:30:56]} Qxe7 {[%clk 1:33:03]} 11. Qa4 {[%clk 1:31:16]} e5
{[%clk 1:31:34]} 12. dxe5 {[%clk 1:19:32]} Qxe5 {[%clk 1:31:58]} 13. Nc3
{[%clk 1:18:09]} Be6 {[%clk 1:22:34]} 14. Qb5 {[%clk 1:16:07]} c5
{[%clk 1:05:57]} 15. Bf4 {[%clk 1:14:22]} Qh5 {[%clk 0:55:49]} 16. f3
{[%clk 1:10:28]} Rfd8 {[%clk 0:50:27]} 17. Rfd1 {[%clk 1:03:44]} h6
{[%clk 0:36:23]} 18. Bd6 {[%clk 0:56:05]} Rac8 {[%clk 0:32:54]} 19. Qb7
{[%clk 0:52:51]} a5 {[%clk 0:29:20]} 20. a4 {[%clk 0:46:43]} Qf5 {[%clk 0:18:01]}
21. Rac1 {[%clk 0:39:59]} Ne8 {[%clk 0:14:42]} 22. Bf4 {[%clk 0:31:04]} Rxd1+
{[%clk 0:12:02]} 23. Rxd1 {[%clk 0:30:45]} Nf6 {[%clk 0:07:54]} 24. e4
{[%clk 0:27:23]} Qh3 {[%clk 0:04:12]} 25. Qb6 {[%clk 0:23:25]} Qh5
{[%clk 0:02:37]} 26. g4 {[%clk 0:16:14]} Qh3 {[%clk 0:00:39]} 27. Bg3
{[%clk 0:16:11]} h5 {[%clk 0:00:36]} 28. Ne2 {[%clk 0:14:26]} g5 {[%clk 0:00:34]}
29. Rd8+ {[%clk 0:13:58]} Rxd8 {[%clk 0:00:49]} 30. Qxd8+ {[%clk 0:14:26]} Kg7
{[%clk 0:01:15]} 31. e5 {[%clk 0:05:09]} Nh7 {[%clk 0:01:41]} 32. gxh5
{[%clk 0:05:06]} Qxh5 {[%clk 0:01:57]} 33. Kf2 {[%clk 0:05:26]} Qg6
{[%clk 0:01:28]} 34. Qxa5 {[%clk 0:05:01]} g4 {[%clk 0:01:14]} 35. f4
{[%clk 0:04:52]} Qc2 {[%clk 0:00:57]} 36. Qxc5 {[%clk 0:03:33]} Qxb2
{[%clk 0:01:14]} 37. Qd4 {[%clk 0:02:55]} Qb7 {[%clk 0:01:24]} 38. Qc3
{[%clk 0:03:07]} Qa7+ {[%clk 0:01:20]} 39. Nd4 {[%clk 0:02:20]} Qxa4
{[%clk 0:01:08]} 40. f5 {[%clk 0:02:04]} Ng5 {[%clk 0:01:01]} 41. Ke3
{[%clk 0:01:02]} Bd5 {[%clk 0:00:37]} 42. e6 {[%clk 0:15:40]} Ne4
{[%clk 0:26:06]} 43. Qb2 {[%clk 0:15:39]} f6 {[%clk 0:16:23]} 44. Be1
{[%clk 0:08:22]} Qd1 {[%clk 0:11:46]} 45. Qb4 {[%clk 0:07:22]} Qd3+
{[%clk 0:08:12]} 46. Kf4 {[%clk 0:07:47]} Qf1+ {[%clk 0:08:10]} 47. Ke3
{[%clk 0:02:25]} Qd3+ {[%clk 0:05:56]} 48. Kf4 {[%clk 0:02:50]} Nd6
{[%clk 0:02:37]} 49. Bd2 {[%clk 0:00:54]} Qe4+ {[%clk 0:02:38]} 50. Kg3
{[%clk 0:01:16]} Qg2+ {[%clk 0:01:46]} 51. Kf4 {[%clk 0:01:40]} Qf2+
{[%clk 0:01:40]} 52. Kxg4 {[%clk 0:02:05]} Qxd4+ {[%clk 0:01:40]} 53. Bf4
{[%clk 0:02:29]} Qd1+ {[%clk 0:01:27]} 54. Kg3 {[%clk 0:02:18]} Qf3+
{[%clk 0:01:51]} 0-1

[Event "WCO2014"]
[Site "Tromso"]
[Date "2014.08.03"]
[Round "2.37"]
[WhiteID "13904620"]
[White "Gitu Paula-Alexandra"]
[BlackID "22200371"]
[Black "Aranaz Murillo Amalia"]
[Result "0-1"]
[LiveChessVersion "1.4.3"]
[BlackElo "2314"]
[WhiteElo "1815"]

1. e4 {[%clk 1:30:58]} c6 {[%clk 1:30:51]} 2. d4 {[%clk 1:31:25]} d5
{[%clk 1:31:16]} 3. exd5 {[%clk 1:31:50]} cxd5 {[%clk 1:31:34]} 4. Bd3
{[%clk 1:32:16]} Nc6 {[%clk 1:31:52]} 5. c3 {[%clk 1:32:37]} Qc7 {[%clk 1:32:13]}
6. h3 {[%clk 1:32:55]} g6 {[%clk 1:30:02]} 7. Ne2 {[%clk 1:33:07]} Bf5
{[%clk 1:26:03]} 8. Bxf5 {[%clk 1:33:07]} gxf5 {[%clk 1:26:26]} 9. Qd3
{[%clk 1:32:55]} Qd7 {[%clk 1:21:31]} 10. Bf4 {[%clk 1:31:22]} Nf6
{[%clk 1:20:38]} 11. Nd2 {[%clk 1:28:41]} Rc8 {[%clk 1:18:07]} 12. Nf3
{[%clk 1:25:26]} Rg8 {[%clk 1:15:11]} 13. O-O {[%clk 1:10:26]} Ne4
{[%clk 1:06:54]} 14. Ne5 {[%clk 0:53:02]} Nxe5 {[%clk 1:01:12]} 15. dxe5
{[%clk 0:46:11]} Rc6 {[%clk 0:55:05]} 16. Rad1 {[%clk 0:36:28]} e6
{[%clk 0:48:48]} 17. b3 {[%clk 0:14:04]} Qc7 {[%clk 0:45:42]} 18. Rc1
{[%clk 0:12:26]} Ba3 {[%clk 0:29:43]} 19. Rc2 {[%clk 0:11:47]} Bc5
{[%clk 0:30:08]} 20. Ng3 {[%clk 0:01:11]} f6 {[%clk 0:26:28]} 21. Qf3
{[%clk 0:00:42]} fxe5 {[%clk 0:26:15]} 22. Nxe4 {[%clk 0:00:44]} dxe4
{[%clk 0:26:33]} 23. Qh5+ {[%clk 0:01:04]} Rg6 {[%clk 0:26:36]} 24. Bg5
{[%clk 0:00:39]} Qf7 {[%clk 0:24:13]} 25. Kh1 {[%clk 0:00:33]} Rd6
{[%clk 0:21:48]} 26. b4 {[%clk 0:00:32]} Bb6 {[%clk 0:22:13]} 27. c4
{[%clk 0:00:35]} Bd4 {[%clk 0:21:52]} 28. c5 {[%clk 0:00:39]} Rc6
{[%clk 0:22:15]} 29. Rfc1 {[%clk 0:00:51]} f4 {[%clk 0:17:33]} 30. b5
{[%clk 0:00:39]} Rc7 {[%clk 0:17:51]} 31. c6 {[%clk 0:00:38]} b6 {[%clk 0:18:11]}
32. Bh4 {[%clk 0:00:31]} Qf5 {[%clk 0:15:54]} 33. Qxf5 {[%clk 0:00:44]} exf5
{[%clk 0:16:18]} 34. Rd1 {[%clk 0:00:34]} Rd6 {[%clk 0:14:10]} 35. Rc4
{[%clk 0:00:35]} h6 {[%clk 0:12:23]} 36. a4 {[%clk 0:00:36]} Kf7 {[%clk 0:10:36]}
37. Kh2 {[%clk 0:00:35]} Ke6 {[%clk 0:10:14]} 38. Rdc1 {[%clk 0:00:37]} Rd5
{[%clk 0:08:20]} 39. Kg1 {[%clk 0:00:38]} Bc5 {[%clk 0:07:24]} 40. Kf1
{[%clk 0:00:34]} e3 {[%clk 0:05:39]} 41. R1c2 {[%clk 0:00:36]} exf2
{[%clk 0:04:29]} 42. Bxf2 {[%clk 0:00:57]} Bxf2 {[%clk 0:04:56]} 43. Kxf2
{[%clk 0:01:23]} a6 {[%clk 0:05:09]} 44. Rb2 {[%clk 0:28:31]} axb5
{[%clk 0:30:07]} 45. axb5 {[%clk 0:24:51]} Kd6 {[%clk 0:30:27]} 46. Ra4
{[%clk 0:24:09]} e4 {[%clk 0:30:30]} 47. Ra8 {[%clk 0:13:29]} Kc5
{[%clk 0:30:01]} 48. Rh8 {[%clk 0:05:50]} Kc4 {[%clk 0:30:10]} 49. Rxh6
{[%clk 0:05:37]} Rxb5 {[%clk 0:27:23]} 50. Rxb5 {[%clk 0:04:42]} Kxb5
{[%clk 0:27:48]} 51. Rf6 {[%clk 0:04:54]} Rxc6 {[%clk 0:28:03]} 52. Rxf5+
{[%clk 0:05:14]} Kc4 {[%clk 0:28:24]} 53. Rxf4 {[%clk 0:05:25]} Kd3
{[%clk 0:28:48]} 54. Rf8 {[%clk 0:03:51]} e3+ {[%clk 0:27:26]} 55. Kf3
{[%clk 0:01:55]} Rd6 {[%clk 0:27:49]} 56. g4 {[%clk 0:01:02]} e2 {[%clk 0:27:59]}
57. Re8 {[%clk 0:01:06]} Rf6+ {[%clk 0:28:22]} 58. Kg3 {[%clk 0:01:31]} Rf1
{[%clk 0:28:31]} 59. g5 {[%clk 0:01:20]} e1=Q+ {[%clk 0:28:46]} 60. Rxe1
{[%clk 0:01:47]} Rxe1 {[%clk 0:29:10]} 61. Kg4 {[%clk 0:01:31]} Ke4
{[%clk 0:29:24]} 62. h4 {[%clk 0:00:54]} Rg1+ {[%clk 0:29:39]} 63. Kh5
{[%clk 0:01:19]} Kf5 {[%clk 0:30:02]} 64. Kh6 {[%clk 0:00:44]} Rg4
{[%clk 0:30:12]} 65. Kh5 {[%clk 0:00:48]} b5 {[%clk 0:30:32]} 66. g6
{[%clk 0:01:09]} b4 {[%clk 0:30:56]} 0-1

[Event "WCO2014"]
[Site "Tromso"]
[Date "2014.08.03"]
[Round "2.13"]
[WhiteID "8604541"]
[White "Yuan Yuanling"]
[BlackID "12401455"]
[Black "Hoang Thi Nhu Y"]
[Result "0-1"]
[LiveChessVersion "1.4.3"]
[BlackElo "2269"]
[WhiteElo "2241"]

1. e4 {[%clk 1:30:53]} c6 {[%clk 1:30:51]} 2. d4 {[%clk 1:31:19]} d5
{[%clk 1:31:09]} 3. f3 {[%clk 1:30:41]} Qb6 {[%clk 1:30:28]} 4. Nc3
{[%clk 1:27:36]} e6 {[%clk 1:30:22]} 5. a3 {[%clk 1:22:39]} Nf6 {[%clk 1:26:13]}
6. Bf4 {[%clk 1:15:17]} c5 {[%clk 1:10:36]} 7. Nb5 {[%clk 1:10:47]} Na6
{[%clk 1:04:46]} 8. e5 {[%clk 1:06:45]} Nd7 {[%clk 1:02:49]} 9. Be3
{[%clk 1:05:32]} c4 {[%clk 1:01:32]} 10. a4 {[%clk 0:53:44]} Nxe5
{[%clk 0:58:16]} 11. f4 {[%clk 0:51:45]} Ng6 {[%clk 0:58:05]} 12. Qc1
{[%clk 0:46:59]} Bd7 {[%clk 0:56:33]} 13. Nc3 {[%clk 0:47:02]} Bb4
{[%clk 0:50:31]} 14. Nf3 {[%clk 0:45:46]} O-O-O {[%clk 0:48:02]} 15. Be2
{[%clk 0:45:02]} f6 {[%clk 0:46:08]} 16. O-O {[%clk 0:44:40]} Bxc3
{[%clk 0:36:03]} 17. bxc3 {[%clk 0:45:05]} h5 {[%clk 0:33:00]} 18. Qa3
{[%clk 0:39:06]} Qc7 {[%clk 0:30:25]} 19. Nd2 {[%clk 0:34:33]} Nh4
{[%clk 0:29:31]} 20. Nf3 {[%clk 0:21:23]} Nf5 {[%clk 0:25:09]} 21. Bd2
{[%clk 0:21:26]} Rdg8 {[%clk 0:21:57]} 22. Rab1 {[%clk 0:17:30]} Qd6
{[%clk 0:19:25]} 23. Qb2 {[%clk 0:17:02]} Bc6 {[%clk 0:19:24]} 24. Rfe1
{[%clk 0:16:38]} Qe7 {[%clk 0:18:52]} 25. Bf1 {[%clk 0:14:33]} h4
{[%clk 0:12:45]} 26. Qa2 {[%clk 0:10:48]} Nc7 {[%clk 0:12:12]} 27. Rb4
{[%clk 0:09:08]} Ne8 {[%clk 0:10:54]} 28. Bxc4 {[%clk 0:05:41]} dxc4
{[%clk 0:11:15]} 29. Qxc4 {[%clk 0:06:07]} Nc7 {[%clk 0:10:34]} 30. Qd3
{[%clk 0:05:30]} Qd7 {[%clk 0:08:31]} 31. Reb1 {[%clk 0:03:51]} h3
{[%clk 0:08:36]} 32. g4 {[%clk 0:01:29]} Nh4 {[%clk 0:08:06]} 33. Nxh4
{[%clk 0:01:17]} Rxh4 {[%clk 0:08:29]} 34. Qg3 {[%clk 0:01:32]} Qd5
{[%clk 0:08:38]} 35. Be1 {[%clk 0:01:02]} f5 {[%clk 0:06:56]} 36. gxf5
{[%clk 0:00:48]} exf5 {[%clk 0:07:18]} 37. c4 {[%clk 0:01:00]} Qe4
{[%clk 0:06:51]} 0-1

[Event "WCO2014"]
[Site "Tromso"]
[Date "2014.08.03"]
[Round "2.14"]
[WhiteID "12401102"]
[White "Hoang Thi Bao Tram"]
[BlackID "2603365"]
[Black "Botez Alexandra"]
[Result "1-0"]
[LiveChessVersion "1.4.3"]
[BlackElo "2089"]
[WhiteElo "2329"]

1. Nf3 {[%clk 1:30:43]} Nf6 {[%clk 1:30:53]} 2. g3 {[%clk 1:30:34]} g6
{[%clk 1:31:04]} 3. Bg2 {[%clk 1:30:55]} Bg7 {[%clk 1:31:27]} 4. d4
{[%clk 1:31:03]} d6 {[%clk 1:31:47]} 5. c4 {[%clk 1:31:09]} O-O {[%clk 1:31:56]}
6. Nc3 {[%clk 1:30:20]} c6 {[%clk 1:31:17]} 7. O-O {[%clk 1:27:17]} Qa5
{[%clk 1:30:57]} 8. h3 {[%clk 1:23:40]} Na6 {[%clk 1:24:08]} 9. e4
{[%clk 1:16:05]} e5 {[%clk 1:22:49]} 10. Be3 {[%clk 1:15:41]} Be6
{[%clk 1:18:50]} 11. Qe2 {[%clk 1:12:01]} Nh5 {[%clk 0:55:27]} 12. Rfd1
{[%clk 1:08:00]} Rfd8 {[%clk 0:52:00]} 13. a3 {[%clk 1:02:36]} exd4
{[%clk 0:47:35]} 14. Bxd4 {[%clk 1:00:12]} Bxd4 {[%clk 0:46:47]} 15. Nxd4
{[%clk 1:00:28]} Nc7 {[%clk 0:45:15]} 16. Rd2 {[%clk 0:56:05]} Qe5
{[%clk 0:37:00]} 17. Rad1 {[%clk 0:53:58]} Rd7 {[%clk 0:35:16]} 18. Nxe6
{[%clk 0:52:37]} Nxe6 {[%clk 0:33:46]} 19. Qe3 {[%clk 0:52:31]} g5
{[%clk 0:21:14]} 20. Ne2 {[%clk 0:45:25]} b6 {[%clk 0:16:18]} 21. Nd4
{[%clk 0:43:27]} Nxd4 {[%clk 0:14:30]} 22. Qxd4 {[%clk 0:42:49]} Qxd4
{[%clk 0:12:37]} 23. Rxd4 {[%clk 0:43:10]} Re7 {[%clk 0:05:24]} 24. Rxd6
{[%clk 0:43:11]} c5 {[%clk 0:03:40]} 25. R1d5 {[%clk 0:42:57]} f6
{[%clk 0:03:29]} 26. Bf3 {[%clk 0:42:45]} Ng7 {[%clk 0:03:48]} 27. Rxf6
{[%clk 0:42:55]} Rf8 {[%clk 0:03:01]} 28. Rxf8+ {[%clk 0:42:49]} Kxf8
{[%clk 0:03:26]} 29. Rxg5 {[%clk 0:42:56]} Ne6 {[%clk 0:03:41]} 30. Rd5
{[%clk 0:41:50]} Nd4 {[%clk 0:03:57]} 31. Bg2 {[%clk 0:42:05]} Kf7
{[%clk 0:04:07]} 32. f4 {[%clk 0:42:06]} Nc6 {[%clk 0:04:05]} 33. e5
{[%clk 0:41:41]} Na5 {[%clk 0:04:00]} 34. Rd8 {[%clk 0:41:29]} Kg6
{[%clk 0:03:41]} 35. Be4+ {[%clk 0:41:13]} 1-0